00588nam a2200205 a 4500001001300000003000900013005001700022008004100039020000900080082001600089100002900105245003800134260005900172300001000231500003500241505003600276650002300312650001800335700002900353nice12345678IN_TiNIC20260116011841.0050524s1889 lona grp 000 0 eng  ac1200a297.09bHAI aHaines, Charles Reginald aIslamb as a Missionary Religion. aLondonbSociety for Promoting Christian Knowledgc1889 a208p. aincludes index and biblioraphy2 aNon-Christian Religious Systems aIslam-Meccan Trade aIslam-History1 aHaines, Charles Reginald